• 首页
  • 本馆介绍
  • 公告通知
  • 最新文献
  • 馆藏检索
  • 电子资源
  • 读者导购
  • 参考咨询
  • 我的图书馆
  • 登录
  • 详细信息显示
  • 放入我的书架
  • 预约/预借图书
  • 作者相关作品
  • 分类相关作品
  • 丛书相关作品
  • 出版社相关作品

书目信息

  • 表格格式
  • 工作单格式
  • 卡片格式
题名:
党的最高纲领与最低纲领的统一论
    
 
作者: 梅荣政 主编 ;吴东华 编
分册:  
出版信息: 北京   中国人民大学出版社  2004
页数: 299页
开本: 21cm
丛书名: 邓小平理论和“三个代表”重要思想研究丛书
单 册:
中图分类: D20
科图分类:
主题词: 党纲
电子资源:
ISBN: 7-300-05462-5
000 01344oam2 2200301 450
001 060000003122
005 20051205144857.95
010    @a7-300-05462-5@dCNY19.00
092    @aCN
100    @a20040624d2004 ekmy0chiy0120 ea
101 0  @achi
102    @aCN@b110000
105    @ay az 000yy
200 1  @a党的最高纲领与最低纲领的统一论@9dang de zui gao gang ling yu zui di gang ling de tong yi lun@f梅荣政主编@Fmei rong zheng zhu bian@g吴东华编@Gwu dong hua bian
210    @a北京@c中国人民大学出版社@d2004
215    @a299页@d21cm
225 2  @a邓小平理论和“三个代表”重要思想研究丛书
304    @a教育部邓小平理论和“三个代表”重要思想研究中心组织编写
320    @a有书目
330    @a本书以马克思列宁主义、毛泽东思想、邓小平理论和“三个代表”重要思想为指导,遵循逻辑与历史相统一的原则,围绕“党的最高纲领与最低纲领的统一”这一主题,从历史、理论和现实的结合上,对党的最高纳与最低纲领统一的理论基础、历史发展,统一的标志、统一的条件,背离统一的原因、危害和教训,实现统一的理论和实践意义等方面,进行了全面的、历史的、系统的研究。
410  0 @12001 @a邓小平理论和“三个代表”重要思想研究丛书
601 02 @a中国共产党@x党纲@x研究@j学习参考资料
606 0  @a党纲
690    @aD20@v4
701  0 @a梅荣政@Amei rong zheng@4主编
702  0 @a吴东华@Awu dong hua@4编
801  0 @aCN@bCXYBOOK@c20051205
905    @a10447@dD20@e73
    
    党的最高纲领与最低纲领的统一论/梅荣政主编/吴东华编.-北京:中国人民大学出版社,2004
    299页;21cm.-(邓小平理论和“三个代表”重要思想研究丛书)
    
    
    ISBN 7-300-05462-5:CNY19.00
    本书以马克思列宁主义、毛泽东思想、邓小平理论和“三个代表”重要思想为指导,遵循逻辑与历史相统一的原则,围绕“党的最高纲领与最低纲领的统一”这一主题,从历史、理论和现实的结合上,对党的最高纳与最低纲领统一的理论基础、历史发展,统一的标志、统一的条件,背离统一的原因、危害和教训,实现统一的理论和实践意义等方面,进行了全面的、历史的、系统的研究。
●
相关链接 在E读中查询图书 在五车中查询图书 在当当中查询图书 在豆瓣中查询图书


正题名:党的最高纲领与最低纲领的统一论     索取号:D20/73         预约/预借

序号 登录号 条形码 馆藏地/架位号 状态 备注
1 0370108   203701084   第一样本阅览室/ [索取号:D20/73] 在馆    
2 0370109   203701093   第一借阅区/ [索取号:D20/73] 在馆    
唐山师范学院图书馆 欢迎您!
大连网信软件有限公司© 版权所有